| 000 | 01124nam a2200289 i 4500 | ||
|---|---|---|---|
| 001 | 30354 | ||
| 003 | ES-MaACL | ||
| 005 | 20251003150851.0 | ||
| 007 | t| | ||
| 008 | 030124s1855 fr ||||1| fre d | ||
| 100 | 1 |
_aBastiat, Frédéric ( _d1801-1850) _926365 |
|
| 245 | 1 | 0 |
_aOeuvres complètes / _cde Frederic Bastiat. |
| 260 |
_aParís : _b[s.n., _c1855] ( _eCorbeil : _fCrété) |
||
| 300 |
_a6 v. ; _c18 cm. |
||
| 505 | 8 | _aContiene: T. I: Correspondance. Melanges. -- T. II: Le libre echange. -- T. III: Cobden et la ligne on l'agitation anglis pour la liberté des echanges. -- T. IV-V: Sophismes economiques. Petits pamphlets. T. VI: Harmonies economiques | |
| 600 | 1 | 4 |
_aCobden, Richard, _d1804-1865 _939338 |
| 650 | 7 |
_aLibre cambio _2embne _9136409 |
|
| 740 | 0 | _aCorrespondance. | |
| 740 | 0 | _aMelanges. | |
| 740 | 3 | _aLe libre echange. | |
| 740 | 0 | _aCobden et la ligne on l'agitation anglais poru la liberté des echanges. | |
| 740 | 0 | _aSophismes economiques. | |
| 740 | 0 | _aPetits pamphlets. | |
| 740 | 0 | _aHarmonies economiques. | |
| 852 |
_aES-MaACL _jF-10786-91 |
||
| 999 |
_c30354 _d30354 |
||